000 00789nam a2200265 i 4500
001 C2-0117319
003 PPAK
005 20180727110436.0
008 970726s1984 maua|||| ||||| | eng d
020 _a0002163578
040 _aPPAK
_beng
_cPPAK
_erda
082 0 4 _a910.4
_223
090 0 0 _a910.4
_bOWE
_dG
100 1 _aOwens, Mark,
_eauthor
245 1 0 _aCry of the Kalahari
264 1 _aBoston, Massachusetts :
_bHoughton Mifflin ,
_c1984
300 _aviii, 341 pages :
_billustrations (some colour) ;
_c24 cm
336 _2rdacontent
_atext
337 _2rdamedia
_aunmediated
338 _2rdacarrier
_avolume
500 _aIncludes index ; Bibliography : p. [329] - 330
650 1 0 _aZoology - Kalahari desert ; Zoology - Botswana
700 _eauthor
942 _ddc
_cB
999 _c31340
_d31340